| 000 | 00455nam a22001577u 4500 | ||
|---|---|---|---|
| 008 | 130405s1963 xxu||||| |||| 00| 0 ger d | ||
| 041 | _ager | ||
| 100 | 1 |
_aBultmann, Rudolf _910914 |
|
| 245 | 0 | 0 |
_aDas Urchristentum _b:Im Rahmen der Antiken Religionen _cRudolf Bultmann |
| 250 | _a3ª ed. | ||
| 260 |
_aZürich: _bArtemis Verlag Zürich und Stuttgart, _c1963 |
||
| 300 |
_a259 p. _c;18 cm. |
||
| 650 | 0 | 4 |
_aCristología _913431 |
| 942 | _cBK | ||
| 001 | 52175 | ||
| 999 |
_c240350 _d240350 |
||